000 00287nam a22001217a 4500
008 170629b xxu||||| |||| 00| 0 eng d
041 _aeng
080 _a811
100 _a22
101 _aGJL
245 _a10 STEPS IN WRITING THE RESEARSH PAPER
_cMARKMAN.R.H
942 _2udc
_cBK
999 _c19538
_d19538